[Event "NRW Class2 1718"]
[Site "Germany"]
[Date "2018.01.28"]
[Round "5.1"]
[White "Andreev, Eduard"]
[Black "Lupor, Stefan"]
[Result "1-0"]
[WhiteElo "2383"]
[BlackElo "2256"]
[PlyCount "60"]
[EventDate "2017.09.17"]
[EventType "team-tourn"]
[EventRounds "9"]
[EventCountry "GER"]
[SourceTitle "EXT 2019"]
[Source "ChessBase"]
[SourceDate "2018.10.10"]
[SourceVersion "1"]
[SourceVersionDate "2018.10.10"]
[SourceQuality "1"]
[WhiteTeam "Siegburg"]
[BlackTeam "Ennepe Ruhr Sued"]
[WhiteTeamCountry "GER"]
[BlackTeamCountry "GER"]

1. e4 e6 2. d4 d5 3. e5 c5 4. c3 Nc6 5. Nf3 Qb6 6. a3 Nh6 7. b4 cxd4 8. Bxh6 gxh6 9. cxd4 Bg7 10. Nc3 0-0 11. Na4 Qd8 12. Rc1 f6 13. Bb5 fxe5 14. Bxc6 e4 15. Ne5 bxc6 16. 0-0 Bd7 17. Nc5 Bxe5 18. dxe5 Qe7 19. f3 exf3 20. Rxf3 Rxf3 21. Qxf3 Rf8 22. Qe3 Be8 23. Qxh6 Bg6 24. Qe3 Kh8 25. Rf1 Rxf1+ 26. Kxf1 Bf5 27. h3 Kg8 28. Nb3 Be4 29. Qf4 Bg6 30. Kf2 Qd7 1-0

[Event "Dortmund Sparkassen op-A 44th"]
[Site "Dortmund"]
[Date "2016.07.16"]
[Round "8"]
[White "Lupor, Stefan"]
[Black "Sorokin, Aleksey"]
[Result "1/2-1/2"]
[WhiteElo "2310"]
[BlackElo "2413"]
[PlyCount "103"]
[EventDate "2016.07.09"]
[EventType "swiss"]
[EventRounds "9"]
[EventCountry "GER"]
[SourceTitle "CBM 173 Extra"]
[Source "ChessBase"]
[SourceDate "2016.08.29"]
[SourceVersion "1"]
[SourceVersionDate "2016.08.29"]
[SourceQuality "1"]

1. e4 c5 2. Nf3 d6 3. Bb5+ Nd7 4. d4 cxd4 5. Qxd4 a6 6. Bxd7+ Bxd7 7. c4 Nf6 8. Bg5 h6 9. Bxf6 gxf6 10. Nc3 e6 11. 0-0 Be7 12. Qd3 Rc8 13. Rac1 Qa5 14. Nd4 Rg8 15. Rc2 Bd8 16. b3 Bb6 17. Kh1 h5 18. f4 h4 19. Rd2 h3 20. gxh3 Qh5 21. a3 Bxd4 22. Qxd4 Qxh3 23. Qd3 Qxd3 24. Rxd3 f5 25. Rg1 Ke7 26. Rxg8 Rxg8 27. Rg3 Rxg3 28. hxg3 fxe4 29. Kg1 f5 30. Kf2 e5 31. Ke3 Be6 32. a4 Kd7 33. Kd2 Kc6 34. Nd1 d5 35. cxd5+ Kxd5 36. Ne3+ Kd4 37. Nc2+ Kc5 38. Kc3 a5 39. Ne3 exf4 40. gxf4 b6 41. Nc2 Kd6 42. Ne3 Ke7 43. b4 Kf6 44. bxa5 bxa5 45. Kd4 Kg6 46. Ke5 Bd7 47. Kd4 Kh5 48. Nc4 Be6 49. Nd6 Bd7 50. Nxe4 fxe4 51. Kxe4 Bxa4 52. Kd4 1/2-1/2

[Event "Dortmund Sparkassen op-A 44th"]
[Site "Dortmund"]
[Date "2016.07.12"]
[Round "4"]
[White "Lupor, Stefan"]
[Black "Pap, Misa"]
[Result "0-1"]
[WhiteElo "2310"]
[BlackElo "2487"]
[PlyCount "120"]
[EventDate "2016.07.09"]
[EventType "swiss"]
[EventRounds "9"]
[EventCountry "GER"]
[SourceTitle "CBM 173 Extra"]
[Source "ChessBase"]
[SourceDate "2016.08.29"]
[SourceVersion "1"]
[SourceVersionDate "2016.08.29"]
[SourceQuality "1"]

1. e4 c5 2. Nf3 Nc6 3. Bb5 g6 4. Bxc6 dxc6 5. d3 Bg7 6. h3 b6 7. 0-0 e5 8. a4 a5 9. Na3 f6 10. Nc4 Be6 11. b3 Ne7 12. Be3 0-0 13. Qe2 g5 14. Nh2 Ng6 15. Rad1 Qc7 16. c3 b5 17. Nd2 Rad8 18. axb5 cxb5 19. c4 b4 20. Rfe1 Rfe8 21. Ndf1 Nf4 22. Qc2 Bf8 23. Ng3 Qd7 24. Bc1 a4 25. bxa4 Ra8 26. Nf5 Bxf5 27. exf5 Qxf5 28. Ng4 Red8 29. Bxf4 gxf4 30. Re4 Ra6 31. g3 h5 32. Nh2 fxg3 33. fxg3 Qxh3 34. Kh1 Rd4 35. Rxd4 exd4 36. Qf2 Qd7 37. Re1 Qc6+ 38. Kg1 Bh6 39. Nf1 Qd7 40. Qf3 Bg5 41. Qxh5 Re6 42. Qg6+ Kh8 43. Qh5+ Kg7 44. Qg4 Re7 45. Rxe7+ Qxe7 46. Qd1 Qc7 47. Kf2 Kg6 48. Kg1 Qb8 49. Qb3 Be3+ 50. Kh2 Qh8+ 51. Kg2 Qa8+ 52. Kh2 Qf3 53. Qb1 b3 54. a5 Qe2+ 55. Kh3 Qc2 56. Qe1 Qxd3 57. a6 b2 58. a7 b1Q 59. Qxb1 Qxb1 60. a8Q Qxf1+ 0-1

[Event "NRW Class2 1516"]
[Site "Germany"]
[Date "2016.04.03"]
[Round "8.1"]
[White "Lupor, Stefan"]
[Black "Nordsieck, Thomas"]
[Result "0-1"]
[WhiteElo "2234"]
[BlackElo "2291"]
[PlyCount "128"]
[EventDate "2015.09.27"]
[EventType "team-tourn"]
[EventRounds "9"]
[EventCountry "GER"]
[SourceTitle "EXT 2017"]
[Source "ChessBase"]
[SourceDate "2016.10.25"]
[SourceVersion "1"]
[SourceVersionDate "2016.10.25"]
[SourceQuality "1"]
[WhiteTeam "Ennepe Ruhr Sued"]
[BlackTeam "Herford Koenigsspringer"]
[WhiteTeamCountry "GER"]
[BlackTeamCountry "GER"]

1. e4 c5 2. Nf3 g6 3. d4 Bg7 4. dxc5 Qa5+ 5. c3 Qxc5 6. Na3 b6 7. Bc4 Bb7 8. 0-0 Nf6 9. e5 Ne4 10. Be3 Qc8 11. Bd5 0-0 12. Re1 Nc5 13. Bg5 Nc6 14. Qd2 e6 15. Bc4 Na5 16. Be2 Ne4 17. Qe3 d6 18. exd6 Nxd6 19. Qd3 Ne4 20. Be3 Nc5 21. Qb5 Bc6 22. Qb4 Nab7 23. Qh4 Nd6 24. Nd4 Bb7 25. Nab5 Nxb5 26. Bxb5 e5 27. Nf3 Qf5 28. Be2 Rfd8 29. Rad1 Bf6 30. Bg5 Rxd1 31. Bxd1 Bg7 32. Bh6 Nd3 33. Bc2 e4 34. Bxd3 exd3 35. Bxg7 Kxg7 36. Qd4+ Kg8 37. Ne5 Qg5 38. f3 d2 39. Re2 Rd8 40. Nd7 d1Q+ 41. Qxd1 Bxf3 42. Qd2 Qf5 43. Re7 Qc5+ 44. Nxc5 Rxd2 45. gxf3 bxc5 46. Rb7 Kg7 47. a4 Rd1+ 48. Kf2 Ra1 49. Rxa7 Ra2 50. Ke3 Rxb2 51. Kd3 Rxh2 52. Kc4 h5 53. Kxc5 h4 54. Rd7 Ra2 55. Kb5 h3 56. c4 h2 57. Rd1 g5 58. c5 f5 59. c6 Rb2+ 60. Ka6 Rc2 61. Kb7 g4 62. a5 g3 63. a6 g2 64. a7 Rb2+ 0-1

[Event "NRW Class2 1516"]
[Site "Germany"]
[Date "2016.03.06"]
[Round "7.1"]
[White "Wilde, Pierre"]
[Black "Lupor, Stefan"]
[Result "1/2-1/2"]
[WhiteElo "2235"]
[BlackElo "2234"]
[PlyCount "108"]
[EventDate "2015.09.27"]
[EventType "team-tourn"]
[EventRounds "9"]
[EventCountry "GER"]
[SourceTitle "EXT 2017"]
[Source "ChessBase"]
[SourceDate "2016.10.25"]
[SourceVersion "1"]
[SourceVersionDate "2016.10.25"]
[SourceQuality "1"]
[WhiteTeam "Neuenkirchen"]
[BlackTeam "Ennepe Ruhr Sued"]
[WhiteTeamCountry "GER"]
[BlackTeamCountry "GER"]

1. d4 d5 2. c4 c6 3. Nc3 Nf6 4. Nf3 dxc4 5. a4 Bf5 6. Ne5 Nbd7 7. Nxc4 Qc7 8. Qd2 Nb6 9. Ne5 a5 10. f3 Nfd7 11. Qf4 Nxe5 12. Qxf5 Ng6 13. e3 e6 14. Qc2 Bd6 15. f4 Nd5 16. g3 h5 17. Bh3 h4 18. Kf2 Nb4 19. Qe2 Ne7 20. e4 Qd7 21. Be3 Bc7 22. Rad1 Bb6 23. Kg2 Ba7 24. g4 f5 25. gxf5 exf5 26. d5 Bxe3 27. Qxe3 cxd5 28. exd5 0-0 29. Qe6+ Qxe6 30. dxe6 Nc2 31. Rd2 Nb4 32. Rd7 Rae8 33. Kf3 Nec6 34. Bf1 Nc2 35. Bc4 Kh7 36. Nb5 Re7 37. Rhd1 Kg6 38. Rxe7 Nxe7 39. Rd7 Kf6 40. Rxb7 Nb4 41. Nd4 Rg8 42. Ra7 Rd8 43. Rd7 Rg8 44. Ke3 g5 45. fxg5+ Rxg5 46. Rd8 Ng6 47. Nf3 Rg4 48. b3 Re4+ 49. Kf2 Nc6 50. Ra8 Rf4 51. Ke3 Re4+ 52. Kf2 Rf4 53. Ke3 Re4+ 54. Kf2 Rf4 1/2-1/2

[Event "NRW Class1 1415"]
[Site "Germany"]
[Date "2014.10.05"]
[Round "2.1"]
[White "Odendahl, Reiner"]
[Black "Lupor, Stefan"]
[Result "1/2-1/2"]
[WhiteElo "2273"]
[BlackElo "2219"]
[PlyCount "59"]
[EventDate "2014.09.14"]
[EventType "team-tourn"]
[EventRounds "9"]
[EventCountry "GER"]
[SourceTitle "EXT 2017"]
[Source "ChessBase"]
[SourceDate "2016.10.25"]
[SourceVersion "1"]
[SourceVersionDate "2016.10.25"]
[SourceQuality "1"]
[WhiteTeam "Elberfeld"]
[BlackTeam "Ennepe Ruhr Sued"]
[WhiteTeamCountry "GER"]
[BlackTeamCountry "GER"]

1. c4 Nf6 2. g3 g6 3. Bg2 Bg7 4. Nc3 0-0 5. d4 d6 6. Nf3 Nc6 7. 0-0 a6 8. e3 Rb8 9. Qe2 e6 10. Rd1 Ne7 11. a4 a5 12. b3 Nc6 13. Ba3 Re8 14. Rac1 Qe7 15. Ne1 Nb4 16. Nd3 c5 17. Nb5 Bd7 18. dxc5 dxc5 19. Ne5 Red8 20. Bxb4 axb4 21. Nxd7 Nxd7 22. Rd2 Nf8 23. Rcd1 b6 24. Rd3 Bf6 25. Bc6 Rxd3 26. Rxd3 Rd8 27. Qd1 Rxd3 28. Qxd3 Be5 29. Kg2 h5 30. Qe4 1/2-1/2

[Event "Leiden op-A 8th"]
[Site "Leiden"]
[Date "2014.07.20"]
[Round "9"]
[White "Bitalzadeh, Ali"]
[Black "Lupor, Stefan"]
[Result "1-0"]
[WhiteElo "2416"]
[BlackElo "2306"]
[PlyCount "77"]
[EventDate "2014.07.11"]
[EventType "swiss"]
[EventRounds "9"]
[EventCountry "NED"]
[SourceTitle "CBM 161 Extra"]
[Source "ChessBase"]
[SourceDate "2014.08.29"]
[SourceVersion "1"]
[SourceVersionDate "2014.08.29"]
[SourceQuality "1"]

1. c4 e6 2. Nf3 d5 3. g3 c5 4. cxd5 exd5 5. d4 Nc6 6. Nc3 Nf6 7. Bg2 Be7 8. 0-0 0-0 9. Bg5 c4 10. Ne5 Be6 11. Nxc6 bxc6 12. b3 h6 13. Bxf6 Bxf6 14. bxc4 dxc4 15. e3 Qa5 16. Rc1 Rac8 17. Qa4 Qxa4 18. Nxa4 Be7 19. Rc2 Rfd8 20. Rd1 Ba3 21. h3 g6 22. g4 Rc7 23. Nc3 Bb4 24. Ne2 Bd6 25. Bf1 Rb7 26. Nc3 Be7 27. Ne4 Rb4 28. Rdc1 Bd5 29. Nd2 c5 30. dxc5 Bxc5 31. Bxc4 Bxc4 32. Nxc4 Bf8 33. Ne5 Rb5 34. Nc6 Rd7 35. Nd4 Ra5 36. Rb1 Bd6 37. Kg2 Kg7 38. Rd1 Be5 39. Ne6+ 1-0

[Event "Leiden op-A 8th"]
[Site "Leiden"]
[Date "2014.07.18"]
[Round "7"]
[White "Admiraal, Miguoel"]
[Black "Lupor, Stefan"]
[Result "1-0"]
[WhiteElo "2341"]
[BlackElo "2306"]
[PlyCount "123"]
[EventDate "2014.07.11"]
[EventType "swiss"]
[EventRounds "9"]
[EventCountry "NED"]
[SourceTitle "CBM 161 Extra"]
[Source "ChessBase"]
[SourceDate "2014.08.29"]
[SourceVersion "1"]
[SourceVersionDate "2014.08.29"]
[SourceQuality "1"]

1. c4 e6 2. g3 d5 3. Bg2 c5 4. Nf3 Nf6 5. 0-0 Nc6 6. d4 dxc4 7. Qa4 Bd7 8. Qxc4 b5 9. Qd3 Rc8 10. dxc5 Bxc5 11. Nc3 0-0 12. Bg5 Nb4 13. Bxf6 gxf6 14. Qd2 Bc6 15. Qh6 Re8 16. Rad1 Bf8 17. Qh4 Qe7 18. Nd4 Bxg2 19. Kxg2 a6 20. e4 Nc6 21. Nxc6 Rxc6 22. Rd2 Bg7 23. Rfd1 Qc5 24. Rd7 Rc7 25. Rxc7 Qxc7 26. Qg4 Qc6 27. Qf3 Rc8 28. Ne2 f5 29. exf5 Qxf3+ 30. Kxf3 exf5 31. Rd6 Bxb2 32. Rxa6 Rc5 33. Ra5 Rd5 34. Nf4 Rd2 35. Rxb5 Bd4 36. Rxf5 Rxa2 37. Nd3 Rd2 38. Ke4 Bc3 39. Ke3 Ra2 40. h4 Kg7 41. g4 Bd2+ 42. Kf3 Ra5 43. Rxa5 Bxa5 44. Ke4 Bd8 45. h5 Kf6 46. f4 Ba5 47. Ne5 Kg7 48. Kf5 f6 49. h6+ Kxh6 50. Kxf6 Bd8+ 51. Kf7 Bc7 52. g5+ Kh5 53. Kg7 Bd6 54. Kf6 Bc7 55. Kf5 Kh4 56. Ng4 Kg3 57. Nf6 Kf3 58. Nxh7 Bxf4 59. g6 Bh6 60. Ng5+ Ke3 61. Ne6 Kd3 62. Kg4 1-0

[Event "Leiden op-A 8th"]
[Site "Leiden"]
[Date "2014.07.14"]
[Round "4"]
[White "Sengupta, Deep"]
[Black "Lupor, Stefan"]
[Result "1-0"]
[WhiteElo "2533"]
[BlackElo "2306"]
[PlyCount "79"]
[EventDate "2014.07.11"]
[EventType "swiss"]
[EventRounds "9"]
[EventCountry "NED"]
[SourceTitle "CBM 161 Extra"]
[Source "ChessBase"]
[SourceDate "2014.08.29"]
[SourceVersion "1"]
[SourceVersionDate "2014.08.29"]
[SourceQuality "1"]

1. e4 e6 2. d4 d5 3. Nd2 Nf6 4. e5 Nfd7 5. f4 c5 6. Ngf3 cxd4 7. Nb3 Nc6 8. Nfxd4 Nxd4 9. Qxd4 Qb6 10. Be3 Qxd4 11. Bxd4 Nb8 12. 0-0-0 Nc6 13. Bc5 Bxc5 14. Nxc5 Ke7 15. Bd3 b6 16. Nb3 Bd7 17. Rhe1 h5 18. h4 Rac8 19. Kb1 Rc7 20. Re3 a5 21. a3 a4 22. Nc1 Na7 23. Ne2 g6 24. Nd4 Rc5 25. c3 Bb5 26. Bc2 Ra8 27. g4 hxg4 28. Rg3 Nc6 29. Nxb5 Rxb5 30. Rxg4 Rba5 31. h5 gxh5 32. Rh4 Rg8 33. Rxh5 Rg2 34. Rdh1 Rb5 35. R5h2 Rxh2 36. Rxh2 Ra5 37. Rh8 Nd8 38. Kc1 Rc5 39. Bxa4 Rc4 40. Re8# 1-0

[Event "NRW Class1 1112"]
[Site "Germany"]
[Date "2012.02.05"]
[Round "6.2"]
[White "Lupor, Stefan"]
[Black "Forchert, Martin"]
[Result "1-0"]
[WhiteElo "2206"]
[BlackElo "2307"]
[PlyCount "63"]
[EventDate "2011.09.18"]
[EventType "team-tourn"]
[EventRounds "9"]
[EventCountry "GER"]
[SourceTitle "EXT 2015"]
[Source "ChessBase"]
[SourceDate "2014.11.20"]
[SourceVersion "1"]
[SourceVersionDate "2014.11.20"]
[SourceQuality "1"]
[WhiteTeam "Ennepe Ruhr Sued"]
[BlackTeam "Bielefeld"]
[WhiteTeamCountry "GER"]
[BlackTeamCountry "GER"]

1. e4 d5 2. exd5 Qxd5 3. Nc3 Qa5 4. d4 Nf6 5. Nf3 Bf5 6. Ne5 c6 7. Bd3 Bxd3 8. Qxd3 Nbd7 9. Bf4 e6 10. Nc4 Qh5 11. 0-0 Nb6 12. Rfe1 Qg6 13. Qe2 Rd8 14. Nxb6 axb6 15. Rad1 Bb4 16. Rd3 Bxc3 17. bxc3 Nh5 18. Be5 0-0 19. Rh3 Nf6 20. Rg3 Qh6 21. Qf3 Ne8 22. Bf4 Qf6 23. Qe3 Rd5 24. Bg5 Qf5 25. Be7 Qxc2 26. Bxf8 Kxf8 27. Qe2 Qxe2 28. Rxe2 Rb5 29. h3 Rb1+ 30. Kh2 b5 31. Rf3 Nd6 32. Rxe6 1-0

[Event "NRW Class1 1112"]
[Site "Germany"]
[Date "2011.09.18"]
[Round "1.2"]
[White "Becker, Marcel"]
[Black "Lupor, Stefan"]
[Result "0-1"]
[WhiteElo "2315"]
[BlackElo "2206"]
[PlyCount "84"]
[EventDate "2011.09.18"]
[EventType "team-tourn"]
[EventRounds "9"]
[EventCountry "GER"]
[SourceTitle "EXT 2015"]
[Source "ChessBase"]
[SourceDate "2014.11.20"]
[SourceVersion "1"]
[SourceVersionDate "2014.11.20"]
[SourceQuality "1"]
[WhiteTeam "Oberhausen"]
[BlackTeam "Ennepe Ruhr Sued"]
[WhiteTeamCountry "GER"]
[BlackTeamCountry "GER"]

1. d4 Nf6 2. Nf3 g6 3. c4 Bg7 4. Nc3 d5 5. e3 0-0 6. cxd5 Nxd5 7. Bc4 Nb6 8. Bb3 c5 9. 0-0 cxd4 10. exd4 Bg4 11. d5 Na6 12. h3 Bxf3 13. Qxf3 Nc5 14. Bc2 h6 15. Rd1 Nc4 16. Qe2 Nd6 17. Be3 Rc8 18. Rac1 a6 19. Bb1 Re8 20. Bd4 Nd7 21. Bxg7 Kxg7 22. Rd3 Nf6 23. Rcd1 Qa5 24. Rd4 Rc7 25. R1d3 Qc5 26. Qd2 Nc4 27. Qc1 Ne5 28. Rh4 Rh8 29. Re3 Qd6 30. Qe1 Nc4 31. Re2 Rhc8 32. g3 Nxb2 33. Rxb2 Rxc3 34. Kh2 b5 35. Qd2 g5 36. Rd4 R8c4 37. a4 Rxd4 38. Qxd4 Rc4 39. Qd2 Rxa4 40. Ba2 Re4 41. Rc2 Qe5 42. Kg2 Rd4 0-1

[Event "Bad Woerishofen op 26th"]
[Site "Bad Woerishofen"]
[Date "2010.03.09"]
[Round "4"]
[White "Zude, Arno"]
[Black "Lupor, Stefan"]
[Result "1-0"]
[WhiteElo "2450"]
[BlackElo "2262"]
[PlyCount "85"]
[EventDate "2010.03.06"]
[EventType "swiss"]
[EventRounds "9"]
[EventCountry "GER"]
[SourceTitle "CBM 135 Extra"]
[Source "ChessBase"]
[SourceDate "2010.05.04"]
[SourceVersion "1"]
[SourceVersionDate "2010.05.04"]
[SourceQuality "1"]

1. e4 c5 2. Nf3 e6 3. d4 cxd4 4. Nxd4 a6 5. Bd3 Bc5 6. Nb3 Be7 7. Qg4 g6 8. Qe2 d6 9. 0-0 Nd7 10. a4 b6 11. Na3 Bb7 12. Nc4 Ngf6 13. Bh6 Qc7 14. Bg7 Rg8 15. Bh6 d5 16. exd5 Nxd5 17. Bd2 Nf4 18. Bxf4 Qxf4 19. Rfe1 Kf8 20. g3 Qc7 21. Be4 Kg7 22. Rad1 Bxe4 23. Qxe4 Nf6 24. Qe2 Rac8 25. Ne3 Qb7 26. Nd4 Bc5 27. Ng4 Nxg4 28. Qxg4 Rgd8 29. Nf3 Qc7 30. Qe4 Be7 31. c3 Bf6 32. Qe2 Rxd1 33. Rxd1 Rd8 34. Rxd8 Qxd8 35. Qxa6 Qd1+ 36. Kg2 e5 37. Qxb6 e4 38. Nd4 Qxa4 39. Qc6 Qa1 40. Qd7 Kg8 41. Qd6 Kg7 42. Qd7 Kg8 43. Nb5 1-0

[Event "NRW Class1 0809"]
[Site "Germany"]
[Date "2009.03.01"]
[Round "7.4"]
[White "Lupor, Stefan"]
[Black "Adamski, Jan"]
[Result "1/2-1/2"]
[WhiteElo "2311"]
[BlackElo "2330"]
[PlyCount "65"]
[EventDate "2008.09.21"]
[EventType "tourn"]
[EventRounds "9"]
[EventCountry "GER"]
[SourceTitle "EXT 2010"]
[Source "ChessBase"]
[SourceDate "2010.11.25"]
[SourceVersion "1"]
[SourceVersionDate "2010.11.25"]
[SourceQuality "1"]
[WhiteTeam "Duesseldorf"]
[BlackTeam "Letmathe"]
[WhiteTeamCountry "GER"]
[BlackTeamCountry "GER"]

1. e4 c5 2. Nf3 e6 3. d4 cxd4 4. Nxd4 a6 5. Bd3 Nf6 6. 0-0 d6 7. c4 b6 8. Nc3 Bb7 9. Qe2 Be7 10. f4 0-0 11. Be3 Nc6 12. Nxc6 Bxc6 13. a3 Nd7 14. Rae1 Bf6 15. Bd2 Nc5 16. Bc2 b5 17. b4 Nd7 18. Bd3 bxc4 19. Bxc4 Qb6+ 20. Kh1 Bxc3 21. Bxc3 Bb5 22. Bxb5 Qxb5 23. Qb2 e5 24. Rd1 Rac8 25. Rf3 Nb6 26. fxe5 Na4 27. Qa1 Nxc3 28. Rxc3 dxe5 29. Qc1 Rxc3 30. Qxc3 g6 31. h3 Re8 32. Kh2 Kg7 33. Rd5 1/2-1/2

[Event "Bayern-chI Bank Hofmann 12th"]
[Site "Bad Wiessee"]
[Date "2008.11.03"]
[Round "3"]
[White "Lupor, Stefan"]
[Black "Naumann, Alexander"]
[Result "0-1"]
[WhiteElo "2518"]
[BlackElo "2518"]
[PlyCount "86"]
[EventDate "2008.11.01"]
[EventType "swiss"]
[EventRounds "9"]
[EventCountry "GER"]
[SourceTitle "EXT 2009"]
[Source "ChessBase"]
[SourceDate "2008.11.26"]
[SourceVersion "1"]
[SourceVersionDate "2008.11.26"]
[SourceQuality "1"]

1. e4 c5 2. Nf3 d6 3. d4 cxd4 4. Nxd4 Nf6 5. Nc3 a6 6. Bg5 e6 7. f4 Qc7 8. Bxf6 gxf6 9. Qd2 Nc6 10. 0-0-0 Bd7 11. Bc4 h5 12. Bb3 0-0-0 13. Kb1 Nxd4 14. Qxd4 Be7 15. Qe3 Qc5 16. Qh3 Rdg8 17. Rhf1 Rg4 18. f5 Kb8 19. a3 Bc8 20. Rd3 Qe5 21. Rfd1 Bd8 22. Ba2 Ba5 23. b4 Bc7 24. Rf1 Bb6 25. Rfd1 Bc7 26. Rf1 Rg5 27. Qf3 Qxh2 28. fxe6 fxe6 29. Qxf6 Qe5 30. Qxe5 Rxe5 31. Rh3 Rg5 32. Rf2 Rhg8 33. Bc4 d5 34. Bd3 Bb6 35. Re2 Bd4 36. Kb2 dxe4 37. Rxe4 e5 38. Rhh4 Bf5 39. Re2 Rc8 40. Rxd4 exd4 41. Ne4 Rg4 42. Nf2 Rxg2 43. Bxf5 Rf8 0-1

[Event "Oberliga NRW 0708"]
[Site "Germany"]
[Date "2008.04.27"]
[Round "9.4"]
[White "Afek, Yochanan"]
[Black "Lupor, Stefan"]
[Result "1/2-1/2"]
[WhiteElo "2350"]
[BlackElo "2293"]
[PlyCount "117"]
[EventDate "2007.09.16"]
[EventType "team-tourn"]
[EventRounds "9"]
[EventCountry "GER"]
[SourceTitle "EXT 2009"]
[Source "ChessBase"]
[SourceDate "2008.11.26"]
[SourceVersion "1"]
[SourceVersionDate "2008.11.26"]
[SourceQuality "1"]
[WhiteTeam "Betzdorf Kirchen"]
[BlackTeam "Duesseldorf"]
[WhiteTeamCountry "GER"]
[BlackTeamCountry "GER"]

1. e4 e5 2. Nf3 Nc6 3. d4 exd4 4. Nxd4 Nf6 5. Nc3 Bb4 6. Nxc6 bxc6 7. Bd3 d5 8. exd5 cxd5 9. 0-0 0-0 10. Bg5 c6 11. Ne2 h6 12. Bh4 Bd6 13. Nd4 c5 14. Nb5 Be7 15. c4 Be6 16. cxd5 Nxd5 17. Bg3 Qb6 18. Qe2 Rac8 19. Na3 Rfd8 20. Nc4 Qb4 21. Rac1 Bf6 22. Rfd1 Bd4 23. Qc2 Ra8 24. Be4 a5 25. Be5 Bxe5 26. Nxe5 Rac8 27. Bh7+ Kf8 28. Bf5 Qb6 29. Nc4 Qa6 30. Bxe6 Qxe6 31. Re1 Qa6 32. b3 Kg8 33. Qf5 a4 34. Re5 Nf6 35. Rxc5 Rxc5 36. Qxc5 axb3 37. axb3 Qa2 38. Qa5 Qxa5 39. Nxa5 Ra8 40. Nc6 Nd5 41. Rd1 Ra6 42. g3 Rxc6 43. Rxd5 Rc1+ 44. Kg2 Rb1 45. Rd8+ Kh7 46. Rd3 g5 47. g4 h5 48. gxh5 Kh6 49. Kf3 f5 50. Ke3 Kxh5 51. Kd4 Rb2 52. f3 Rxh2 53. Ke5 f4 54. Rd8 Rf2 55. Rh8+ Kg6 56. Rg8+ Kh6 57. Kf6 Kh7 58. Rg7+ Kh6 59. Rg6+ 1/2-1/2